Kraje według odległości od stolicy do najdalszego punktu kraju - Statystyki

Ogólne statystyki
  • Ten quiz został rozwiązany 24 razy
  • Średni wynik to 16 z 20
Statystyki odpowiedzi
Kontynent Odległość Kraj % Poprawnych
Ameryka Płd 2,5 tys km Chile
100%
Ameryka Płd 2,3 tys km Argentyna
96%
Oceania 3,7 tys km Australia
96%
Amerkya Płn 4,4 tys km Kanada
96%
Europa 7 tys km Rosja
96%
Amerkya Płn 7,9 tys km USA
96%
Amerkya Płd 3,1 tys km Brazylia
91%
Azja 3,6 tys km Chiny
91%
Azja 3,8 tys km Indonezja
91%
Azja 2,9 tys km Indie
87%
Oceania 1,9 tys km Nowa Zelandia
87%
Amerkya Płn 2,3 tys km Meksyk
83%
Azja 2 tys km Japonia
74%
Afryka 3,1 tys km RPA
74%
Afryka 1,9 tys km Algieria
70%
Oceania 3,6 tys km Kiribati
70%
Europa 1,9 tys km Hiszpania
65%
Azja 1,9 tys km Malezja
61%
Oceania 2,2 tys km Mikronezja
61%
Europa 1,9 tys km Portugalia
52%
Nie znaleziono quizów pasujących do podanych kryteriów
Rozkład punktacji
Procent ludzi z każdym wynikiem
Percentyl według liczby udzielonych odpowiedzi
Twoja historia wyników
Nie rozwiązałeś tego quizu